| 000 | 01001nam a22002417a 4500 | ||
|---|---|---|---|
| 005 | 20240530110524.0 | ||
| 008 | 160223s2011 ua a f b 000 0dara d | ||
| 017 |
_a2010/19985 _bمصر . دار الكتب المصرية |
||
| 020 | _a9789777043328 | ||
| 040 | _aEG-CaGPL | ||
| 082 | 0 | 4 |
_221 _a702.813\ _bد ت |
| 100 | 0 | _aدانسايجر ، كين . | |
| 245 | 1 | 0 |
_aتقنيات مونتاج السينما و الفيديو : _bالتاريخ و النظرية و الممارسة / _cتاليف كين دانسايجر ؛ ترجمة و تقديم احمد يوسف . |
| 250 | _aط1. | ||
| 260 |
_aالقاهرة : _bالمركز القومى للترجمة ، _c2011 . |
||
| 300 |
_a765 ص ؛ _c24 سم . |
||
| 490 | 0 |
_aالمشروع القومى للترجمة : _v1689 |
|
| 650 | 0 | 4 | _aالمونتاج . |
| 650 | 0 | 4 |
_aالسينما _xتاريخ و نقد . |
| 700 | 0 |
_aاحمد يوسف _eمترجم و مقدم . |
|
| 942 |
_2ddc _cBK |
||
| 999 |
_c61945 _d61945 |
||